000 00688nam a2200205Ia 4500
003 GCL
008 140319s9999 xx 000 0 ara d
040 _aGCL /
_cGCL
082 0 4 _a891.55
_bا س
100 1 _aامين عبدالمجيد بدوى
245 1 0 _aسندباد الحكيم: سندباد نامة /
_cامين عبدالمجيد بدوى
260 _a[S.N] :
_bمكتبة النهضة المصرية ،
_c1978
300 _a462 ص
490 _a
650 0 4 _aالادب الفارسى
650 0 4 _aالقصص الفكاهية
650 0 4 _aالاهاجى والفكاهات الفارسية
650 0 4 _aالادب الفارسى القديم
942 _2ddc
_cBK
999 _c29886
_d29886